مكتبة جامعة عجلون الوطنية

فهرس بحث المكتبة

علم النفس الرياضي / (Record no. 34066)

MARC details
000 -LEADER
fixed length control field 00738nam a22002057a 4500
003 - CONTROL NUMBER IDENTIFIER
control field JO-AjAnu
005 - DATE AND TIME OF LATEST TRANSACTION
control field 20251013112724.0
008 - FIXED-LENGTH DATA ELEMENTS--GENERAL INFORMATION
fixed length control field 251012b jo ||||| |||| 00| 0 ara d
020 ## - INTERNATIONAL STANDARD BOOK NUMBER
International Standard Book Number 978-9957-69-722-8
022 ## - INTERNATIONAL STANDARD SERIAL NUMBER
International Standard Serial Number 776/2/2018
040 ## - CATALOGING SOURCE
Original cataloging agency ANU
Transcribing agency JO-AjAnu
041 ## - LANGUAGE CODE
Language code of original ARA
100 ## - MAIN ENTRY--PERSONAL NAME
Personal name الطراونة، احمد هاني
Relator term مؤلف
9 (RLIN) 66796
245 ## - TITLE STATEMENT
Title علم النفس الرياضي /
Statement of responsibility, etc. احمد هاني خلف الطراونة
260 ## - PUBLICATION, DISTRIBUTION, ETC.
Place of publication, distribution, etc. عمان :
Name of publisher, distributor, etc. دار يافا للنشر والتوزيع،
Date of publication, distribution, etc. 2020
300 ## - PHYSICAL DESCRIPTION
Extent 196 صفحة
500 ## - GENERAL NOTE
General note هذا الكتاب يحتوي على جداول وشبكات توضيحية
650 ## - SUBJECT ADDED ENTRY--TOPICAL TERM
Form subdivision علم النفس الرياضي-العاب رياضية
942 ## - ADDED ENTRY ELEMENTS (KOHA)
Source of classification or shelving scheme Library of Congress Classification
Koha item type Books
Suppress in OPAC No
Holdings
Withdrawn status Lost status Source of classification or shelving scheme Damaged status Not for loan Home library Current library Date acquired Total Checkouts Full call number Barcode Date last seen Price effective from Koha item type
    Library of Congress Classification     مكتبة جامعة عجلون الوطنية مكتبة جامعة عجلون الوطنية 12/10/2025   GV706.4.2020 A30444 12/10/2025 12/10/2025 Books